| 000 | 00827nam a2200229 a 4500 | ||
|---|---|---|---|
| 001 | 55139 | ||
| 003 | BD-RjUL | ||
| 005 | 20211209080223.0 | ||
| 008 | 161114s1985 bg ||||| |||| 00| 0 ben d | ||
| 035 | _a(BD-RjUL)55261 | ||
| 040 |
_aBD-RjUL _bben _cBD-RjUL _dBD-RjUL |
||
| 041 | _aben | ||
| 082 |
_223 _a954.924 _bPAN 1985 |
||
| 100 |
_aপাল, সমর _9144776 |
||
| 245 | 1 | 0 |
_aনাটোরের ইতিহাস / _cসমর পাল |
| 260 |
_aনাটোর : _bপদাতিকা প্রকাশনী, _c১৯৮৫ |
||
| 300 |
_aখন্ড. ; _c২৩ সেমি. |
||
| 505 | _aখন্ড. ২. -- | ||
| 651 |
_aরাজশাহী বিভাগ (বাংলাদেশ) _vইতিহাস _9164311 |
||
| 651 |
_aRajshahi Division (Bangladesh) _vHistory _9164312 |
||
| 942 |
_2ddc _cBK _02 |
||
| 999 |
_c55139 _d55139 |
||